000 00587nam a22001695i 4500
001 163313
003 ES-MaACL
005 20230906212720.0
008 040830s1900 xxu |||| | eng d
040 _aCAM
_bspa
_cCAM
100 1 _aRennert, Hugo Albert.
_996225
245 1 0 _aMacias, O Namorado
_b: a galician trobador /
_cby Hugo Albert Rennert.
260 _aPhiladelphia :
_bprivately printed,
_c1900 (
_fAvil Printing Company)
300 _a64 p. ;
_c28 cm.
752 _aEstados Unidos -
_dFiladelfia
852 _aES-MaACL
_jB-11107
_z-- Enc. tela
_z-- Dedicatoria ms. del autor
999 _c163313
_d163313